<?xml version="1.0" encoding="UTF-8"?>
<marc:record xmlns:marc="http://www.loc.gov/MARC21/slim" type="Bibliographic">
   <marc:leader>00000pam a2200000 c 4500</marc:leader>
   <marc:controlfield tag="001">984143963</marc:controlfield>
   <marc:controlfield tag="003">DE-101</marc:controlfield>
   <marc:controlfield tag="005">20171202033220.0</marc:controlfield>
   <marc:controlfield tag="007">tu</marc:controlfield>
   <marc:controlfield tag="008">070510s2007    gw ||||| |||| 00||||ger  </marc:controlfield>
   <marc:datafield ind1=" " ind2=" " tag="015">
      <marc:subfield code="a">07,A44,2222</marc:subfield>
      <marc:subfield code="z">07,N23,2647</marc:subfield>
      <marc:subfield code="2">dnb</marc:subfield>
   </marc:datafield>
   <marc:datafield ind1="7" ind2=" " tag="016">
      <marc:subfield code="2">DE-101</marc:subfield>
      <marc:subfield code="a">984143963</marc:subfield>
   </marc:datafield>
   <marc:datafield ind1=" " ind2=" " tag="020">
      <marc:subfield code="a">9783825175733</marc:subfield>
      <marc:subfield code="c">Pp. : EUR 14.50, sfr 26.20</marc:subfield>
      <marc:subfield code="9">978-3-8251-7573-3</marc:subfield>
   </marc:datafield>
   <marc:datafield ind1=" " ind2=" " tag="020">
      <marc:subfield code="a">3825175731</marc:subfield>
      <marc:subfield code="c">Pp. : EUR 14.50, sfr 26.20</marc:subfield>
      <marc:subfield code="9">3-8251-7573-1</marc:subfield>
   </marc:datafield>
   <marc:datafield ind1="3" ind2=" " tag="024">
      <marc:subfield code="a">9783825175733</marc:subfield>
   </marc:datafield>
   <marc:datafield ind1=" " ind2=" " tag="035">
      <marc:subfield code="a">(DE-599)DNB984143963</marc:subfield>
   </marc:datafield>
   <marc:datafield ind1=" " ind2=" " tag="035">
      <marc:subfield code="a">(OCoLC)184987727</marc:subfield>
   </marc:datafield>
   <marc:datafield ind1=" " ind2=" " tag="040">
      <marc:subfield code="a">1245</marc:subfield>
      <marc:subfield code="b">ger</marc:subfield>
      <marc:subfield code="c">DE-101</marc:subfield>
      <marc:subfield code="d">9999</marc:subfield>
   </marc:datafield>
   <marc:datafield ind1=" " ind2=" " tag="041">
      <marc:subfield code="a">ger</marc:subfield>
      <marc:subfield code="h">eng</marc:subfield>
   </marc:datafield>
   <marc:datafield ind1=" " ind2=" " tag="044">
      <marc:subfield code="c">XA-DE-BW</marc:subfield>
   </marc:datafield>
   <marc:datafield ind1="7" ind2="4" tag="082">
      <marc:subfield code="a">K</marc:subfield>
      <marc:subfield code="q">DE-101</marc:subfield>
      <marc:subfield code="2">22sdnb</marc:subfield>
   </marc:datafield>
   <marc:datafield ind1=" " ind2=" " tag="090">
      <marc:subfield code="a">b</marc:subfield>
   </marc:datafield>
   <marc:datafield ind1="0" ind2="0" tag="245">
      <marc:subfield code="a">Holly und Ivy</marc:subfield>
      <marc:subfield code="b">eine Weihnachtsgeschichte</marc:subfield>
      <marc:subfield code="c">Margret Rumer Godden. Ill. von Maren Briswalter</marc:subfield>
   </marc:datafield>
   <marc:datafield ind1=" " ind2=" " tag="250">
      <marc:subfield code="a">1. Aufl.</marc:subfield>
   </marc:datafield>
   <marc:datafield ind1=" " ind2=" " tag="259">
      <marc:subfield code="a">11</marc:subfield>
   </marc:datafield>
   <marc:datafield ind1=" " ind2="1" tag="264">
      <marc:subfield code="a">Stuttgart</marc:subfield>
      <marc:subfield code="b">Urachhaus</marc:subfield>
      <marc:subfield code="c">2007</marc:subfield>
   </marc:datafield>
   <marc:datafield ind1=" " ind2=" " tag="300">
      <marc:subfield code="a">[32] S.</marc:subfield>
      <marc:subfield code="b">zahlr. Ill.</marc:subfield>
      <marc:subfield code="c">25 x 29 cm</marc:subfield>
   </marc:datafield>
   <marc:datafield ind1=" " ind2=" " tag="336">
      <marc:subfield code="a">Text</marc:subfield>
      <marc:subfield code="b">txt</marc:subfield>
      <marc:subfield code="2">rdacontent</marc:subfield>
   </marc:datafield>
   <marc:datafield ind1=" " ind2=" " tag="336">
      <marc:subfield code="a">unbewegtes Bild</marc:subfield>
      <marc:subfield code="b">sti</marc:subfield>
      <marc:subfield code="2">rdacontent</marc:subfield>
   </marc:datafield>
   <marc:datafield ind1=" " ind2=" " tag="337">
      <marc:subfield code="a">ohne Hilfsmittel zu benutzen</marc:subfield>
      <marc:subfield code="b">n</marc:subfield>
      <marc:subfield code="2">rdamedia</marc:subfield>
   </marc:datafield>
   <marc:datafield ind1=" " ind2=" " tag="338">
      <marc:subfield code="a">Band</marc:subfield>
      <marc:subfield code="b">nc</marc:subfield>
      <marc:subfield code="2">rdacarrier</marc:subfield>
   </marc:datafield>
   <marc:datafield ind1=" " ind2=" " tag="385">
      <marc:subfield code="0">(DE-588)4030550-8</marc:subfield>
      <marc:subfield code="0">http://d-nb.info/gnd/4030550-8</marc:subfield>
      <marc:subfield code="0">(DE-101)040305503</marc:subfield>
      <marc:subfield code="a">Kind</marc:subfield>
      <marc:subfield code="2">gnd</marc:subfield>
   </marc:datafield>
   <marc:datafield ind1=" " ind2="7" tag="650">
      <marc:subfield code="0">(DE-588)4065075-3</marc:subfield>
      <marc:subfield code="0">http://d-nb.info/gnd/4065075-3</marc:subfield>
      <marc:subfield code="0">(DE-101)040650758</marc:subfield>
      <marc:subfield code="a">Weihnachten</marc:subfield>
      <marc:subfield code="2">gnd</marc:subfield>
   </marc:datafield>
   <marc:datafield ind1=" " ind2="7" tag="650">
      <marc:subfield code="0">(DE-588)4575221-7</marc:subfield>
      <marc:subfield code="0">http://d-nb.info/gnd/4575221-7</marc:subfield>
      <marc:subfield code="0">(DE-101)958195838</marc:subfield>
      <marc:subfield code="a">Spielzeugeinzelhandel</marc:subfield>
      <marc:subfield code="2">gnd</marc:subfield>
   </marc:datafield>
   <marc:datafield ind1=" " ind2="7" tag="650">
      <marc:subfield code="0">(DE-588)4047870-1</marc:subfield>
      <marc:subfield code="0">http://d-nb.info/gnd/4047870-1</marc:subfield>
      <marc:subfield code="0">(DE-101)04047870X</marc:subfield>
      <marc:subfield code="a">Puppe</marc:subfield>
      <marc:subfield code="2">gnd</marc:subfield>
   </marc:datafield>
   <marc:datafield ind1=" " ind2="7" tag="650">
      <marc:subfield code="0">(DE-588)4138768-5</marc:subfield>
      <marc:subfield code="0">http://d-nb.info/gnd/4138768-5</marc:subfield>
      <marc:subfield code="0">(DE-101)041387686</marc:subfield>
      <marc:subfield code="a">Wunsch</marc:subfield>
      <marc:subfield code="2">gnd</marc:subfield>
   </marc:datafield>
   <marc:datafield ind1=" " ind2="7" tag="650">
      <marc:subfield code="0">(DE-588)4124813-2</marc:subfield>
      <marc:subfield code="0">http://d-nb.info/gnd/4124813-2</marc:subfield>
      <marc:subfield code="0">(DE-101)041248139</marc:subfield>
      <marc:subfield code="a">Ehepaar</marc:subfield>
      <marc:subfield code="2">gnd</marc:subfield>
   </marc:datafield>
   <marc:datafield ind1=" " ind2="7" tag="650">
      <marc:subfield code="0">(DE-588)4125352-8</marc:subfield>
      <marc:subfield code="0">http://d-nb.info/gnd/4125352-8</marc:subfield>
      <marc:subfield code="0">(DE-101)041253523</marc:subfield>
      <marc:subfield code="a">Kinderwunsch</marc:subfield>
      <marc:subfield code="2">gnd</marc:subfield>
   </marc:datafield>
   <marc:datafield ind1=" " ind2="7" tag="650">
      <marc:subfield code="0">(DE-588)4139277-2</marc:subfield>
      <marc:subfield code="0">http://d-nb.info/gnd/4139277-2</marc:subfield>
      <marc:subfield code="0">(DE-101)041392779</marc:subfield>
      <marc:subfield code="a">Waisenkind</marc:subfield>
      <marc:subfield code="2">gnd</marc:subfield>
   </marc:datafield>
   <marc:datafield ind1=" " ind2="7" tag="650">
      <marc:subfield code="0">(DE-588)4013921-9</marc:subfield>
      <marc:subfield code="0">http://d-nb.info/gnd/4013921-9</marc:subfield>
      <marc:subfield code="0">(DE-101)040139212</marc:subfield>
      <marc:subfield code="a">Einsamkeit</marc:subfield>
      <marc:subfield code="2">gnd</marc:subfield>
   </marc:datafield>
   <marc:datafield ind1=" " ind2="7" tag="651">
      <marc:subfield code="0">(DE-588)4555526-6</marc:subfield>
      <marc:subfield code="0">http://d-nb.info/gnd/4555526-6</marc:subfield>
      <marc:subfield code="0">(DE-101)957193114</marc:subfield>
      <marc:subfield code="a">Aylesbury</marc:subfield>
      <marc:subfield code="g">Großbritannien</marc:subfield>
      <marc:subfield code="2">gnd</marc:subfield>
   </marc:datafield>
   <marc:datafield ind1=" " ind2="7" tag="651">
      <marc:subfield code="0">(DE-588)4555526-6</marc:subfield>
      <marc:subfield code="0">http://d-nb.info/gnd/4555526-6</marc:subfield>
      <marc:subfield code="0">(DE-101)957193114</marc:subfield>
      <marc:subfield code="a">Aylesbury</marc:subfield>
      <marc:subfield code="g">Großbritannien</marc:subfield>
      <marc:subfield code="2">gnd</marc:subfield>
   </marc:datafield>
   <marc:datafield ind1=" " ind2=" " tag="653">
      <marc:subfield code="a">(VLB-FS)Weihnachtsfest</marc:subfield>
   </marc:datafield>
   <marc:datafield ind1=" " ind2=" " tag="653">
      <marc:subfield code="a">(VLB-FS)Weihnachten</marc:subfield>
   </marc:datafield>
   <marc:datafield ind1=" " ind2=" " tag="653">
      <marc:subfield code="a">(VLB-FS)Waisenkind</marc:subfield>
   </marc:datafield>
   <marc:datafield ind1=" " ind2=" " tag="653">
      <marc:subfield code="a">(VLB-FS)Großmutter</marc:subfield>
   </marc:datafield>
   <marc:datafield ind1=" " ind2=" " tag="653">
      <marc:subfield code="a">(VLB-FS)Puppe</marc:subfield>
   </marc:datafield>
   <marc:datafield ind1=" " ind2=" " tag="653">
      <marc:subfield code="a">(VLB-FS)Geschenk</marc:subfield>
   </marc:datafield>
   <marc:datafield ind1=" " ind2=" " tag="653">
      <marc:subfield code="a">(VLB-FS)Weihnachtsgeschenk</marc:subfield>
   </marc:datafield>
   <marc:datafield ind1=" " ind2=" " tag="653">
      <marc:subfield code="a">(VLB-FS)Spielzeugladen</marc:subfield>
   </marc:datafield>
   <marc:datafield ind1=" " ind2=" " tag="653">
      <marc:subfield code="a">(VLB-FS)Schaufenster</marc:subfield>
   </marc:datafield>
   <marc:datafield ind1=" " ind2=" " tag="653">
      <marc:subfield code="a">(VLB-FS)Weihnachtswunsch</marc:subfield>
   </marc:datafield>
   <marc:datafield ind1=" " ind2=" " tag="653">
      <marc:subfield code="a">(VLB-FS)Heilig Abend</marc:subfield>
   </marc:datafield>
   <marc:datafield ind1=" " ind2=" " tag="653">
      <marc:subfield code="a">(VLB-PF)BA: Buch</marc:subfield>
   </marc:datafield>
   <marc:datafield ind1=" " ind2=" " tag="653">
      <marc:subfield code="a">(VLB-WN)1211: HC/Kinder- und Jugendbücher/Erzählerische Bilderbücher</marc:subfield>
   </marc:datafield>
   <marc:datafield ind1=" " ind2="7" tag="655">
      <marc:subfield code="0">(DE-588)4303251-5</marc:subfield>
      <marc:subfield code="0">http://d-nb.info/gnd/4303251-5</marc:subfield>
      <marc:subfield code="0">(DE-101)043032516</marc:subfield>
      <marc:subfield code="a">Kinderbuch</marc:subfield>
      <marc:subfield code="2">gnd-content</marc:subfield>
   </marc:datafield>
   <marc:datafield ind1=" " ind2="7" tag="655">
      <marc:subfield code="a">Kinderbuch</marc:subfield>
      <marc:subfield code="2">gnd</marc:subfield>
   </marc:datafield>
   <marc:datafield ind1=" " ind2="7" tag="655">
      <marc:subfield code="a">Kinderbuch</marc:subfield>
      <marc:subfield code="2">gnd</marc:subfield>
   </marc:datafield>
   <marc:datafield ind1="0" ind2="0" tag="689">
      <marc:subfield code="0">(DE-588)4555526-6</marc:subfield>
      <marc:subfield code="0">http://d-nb.info/gnd/4555526-6</marc:subfield>
      <marc:subfield code="0">(DE-101)957193114</marc:subfield>
      <marc:subfield code="D">g</marc:subfield>
      <marc:subfield code="a">Aylesbury</marc:subfield>
      <marc:subfield code="g">Großbritannien</marc:subfield>
   </marc:datafield>
   <marc:datafield ind1="0" ind2="1" tag="689">
      <marc:subfield code="0">(DE-588)4065075-3</marc:subfield>
      <marc:subfield code="0">http://d-nb.info/gnd/4065075-3</marc:subfield>
      <marc:subfield code="0">(DE-101)040650758</marc:subfield>
      <marc:subfield code="D">s</marc:subfield>
      <marc:subfield code="a">Weihnachten</marc:subfield>
   </marc:datafield>
   <marc:datafield ind1="0" ind2="2" tag="689">
      <marc:subfield code="0">(DE-588)4575221-7</marc:subfield>
      <marc:subfield code="0">http://d-nb.info/gnd/4575221-7</marc:subfield>
      <marc:subfield code="0">(DE-101)958195838</marc:subfield>
      <marc:subfield code="D">s</marc:subfield>
      <marc:subfield code="a">Spielzeugeinzelhandel</marc:subfield>
   </marc:datafield>
   <marc:datafield ind1="0" ind2="3" tag="689">
      <marc:subfield code="0">(DE-588)4047870-1</marc:subfield>
      <marc:subfield code="0">http://d-nb.info/gnd/4047870-1</marc:subfield>
      <marc:subfield code="0">(DE-101)04047870X</marc:subfield>
      <marc:subfield code="D">s</marc:subfield>
      <marc:subfield code="a">Puppe</marc:subfield>
   </marc:datafield>
   <marc:datafield ind1="0" ind2="4" tag="689">
      <marc:subfield code="0">(DE-588)4138768-5</marc:subfield>
      <marc:subfield code="0">http://d-nb.info/gnd/4138768-5</marc:subfield>
      <marc:subfield code="0">(DE-101)041387686</marc:subfield>
      <marc:subfield code="D">s</marc:subfield>
      <marc:subfield code="a">Wunsch</marc:subfield>
   </marc:datafield>
   <marc:datafield ind1="0" ind2="5" tag="689">
      <marc:subfield code="A">f</marc:subfield>
      <marc:subfield code="a">Kinderbuch</marc:subfield>
   </marc:datafield>
   <marc:datafield ind1="0" ind2=" " tag="689">
      <marc:subfield code="5">DE-101</marc:subfield>
      <marc:subfield code="5">DE-101</marc:subfield>
   </marc:datafield>
   <marc:datafield ind1="1" ind2="0" tag="689">
      <marc:subfield code="0">(DE-588)4555526-6</marc:subfield>
      <marc:subfield code="0">http://d-nb.info/gnd/4555526-6</marc:subfield>
      <marc:subfield code="0">(DE-101)957193114</marc:subfield>
      <marc:subfield code="D">g</marc:subfield>
      <marc:subfield code="a">Aylesbury</marc:subfield>
      <marc:subfield code="g">Großbritannien</marc:subfield>
   </marc:datafield>
   <marc:datafield ind1="1" ind2="1" tag="689">
      <marc:subfield code="0">(DE-588)4124813-2</marc:subfield>
      <marc:subfield code="0">http://d-nb.info/gnd/4124813-2</marc:subfield>
      <marc:subfield code="0">(DE-101)041248139</marc:subfield>
      <marc:subfield code="D">s</marc:subfield>
      <marc:subfield code="a">Ehepaar</marc:subfield>
   </marc:datafield>
   <marc:datafield ind1="1" ind2="2" tag="689">
      <marc:subfield code="0">(DE-588)4125352-8</marc:subfield>
      <marc:subfield code="0">http://d-nb.info/gnd/4125352-8</marc:subfield>
      <marc:subfield code="0">(DE-101)041253523</marc:subfield>
      <marc:subfield code="D">s</marc:subfield>
      <marc:subfield code="a">Kinderwunsch</marc:subfield>
   </marc:datafield>
   <marc:datafield ind1="1" ind2="3" tag="689">
      <marc:subfield code="0">(DE-588)4139277-2</marc:subfield>
      <marc:subfield code="0">http://d-nb.info/gnd/4139277-2</marc:subfield>
      <marc:subfield code="0">(DE-101)041392779</marc:subfield>
      <marc:subfield code="D">s</marc:subfield>
      <marc:subfield code="a">Waisenkind</marc:subfield>
   </marc:datafield>
   <marc:datafield ind1="1" ind2="4" tag="689">
      <marc:subfield code="0">(DE-588)4013921-9</marc:subfield>
      <marc:subfield code="0">http://d-nb.info/gnd/4013921-9</marc:subfield>
      <marc:subfield code="0">(DE-101)040139212</marc:subfield>
      <marc:subfield code="D">s</marc:subfield>
      <marc:subfield code="a">Einsamkeit</marc:subfield>
   </marc:datafield>
   <marc:datafield ind1="1" ind2="5" tag="689">
      <marc:subfield code="A">f</marc:subfield>
      <marc:subfield code="a">Kinderbuch</marc:subfield>
   </marc:datafield>
   <marc:datafield ind1="1" ind2=" " tag="689">
      <marc:subfield code="5">DE-101</marc:subfield>
      <marc:subfield code="5">DE-101</marc:subfield>
   </marc:datafield>
   <marc:datafield ind1="1" ind2=" " tag="700">
      <marc:subfield code="0">(DE-588)118639277</marc:subfield>
      <marc:subfield code="0">http://d-nb.info/gnd/118639277</marc:subfield>
      <marc:subfield code="0">(DE-101)118639277</marc:subfield>
      <marc:subfield code="a">Godden, Rumer</marc:subfield>
      <marc:subfield code="d">1907-1998</marc:subfield>
      <marc:subfield code="e">Mitwirkender</marc:subfield>
      <marc:subfield code="4">ctb</marc:subfield>
   </marc:datafield>
   <marc:datafield ind1="1" ind2=" " tag="700">
      <marc:subfield code="0">(DE-588)128388692</marc:subfield>
      <marc:subfield code="0">http://d-nb.info/gnd/128388692</marc:subfield>
      <marc:subfield code="0">(DE-101)128388692</marc:subfield>
      <marc:subfield code="a">Briswalter, Maren</marc:subfield>
      <marc:subfield code="d">1961-</marc:subfield>
      <marc:subfield code="e">Mitwirkender</marc:subfield>
      <marc:subfield code="4">ctb</marc:subfield>
   </marc:datafield>
   <marc:datafield ind1="1" ind2=" " tag="700">
      <marc:subfield code="0">(DE-588)119230682</marc:subfield>
      <marc:subfield code="0">http://d-nb.info/gnd/119230682</marc:subfield>
      <marc:subfield code="0">(DE-101)119230682</marc:subfield>
      <marc:subfield code="a">Wiese, Ursula &#x98;von&#x9c;</marc:subfield>
      <marc:subfield code="d">1905-2002</marc:subfield>
      <marc:subfield code="e">Übersetzer</marc:subfield>
      <marc:subfield code="4">trl</marc:subfield>
   </marc:datafield>
   <marc:datafield ind1="0" ind2="2" tag="730">
      <marc:subfield code="a">&#x98;The&#x9c; story of Holly and Ivy</marc:subfield>
      <marc:subfield code="g">dt.</marc:subfield>
   </marc:datafield>
   <marc:datafield ind1=" " ind2=" " tag="850">
      <marc:subfield code="a">DE-101a</marc:subfield>
      <marc:subfield code="a">DE-101b</marc:subfield>
   </marc:datafield>
   <marc:datafield ind1="r" ind2=" " tag="925">
      <marc:subfield code="a">ra</marc:subfield>
   </marc:datafield>
</marc:record>
